书目信息 |
| 题名: |
人生谢幕前,请全力以赴
|
|
| 作者: | 席尔 著 ;陈映均 译 | |
| 分册: | ||
| 出版信息: | 海口 南海出版公司 2017 |
|
| 页数: | 236页 | |
| 开本: | 21cm | |
| 丛书名: | ||
| 单 册: | ||
| 中图分类: | B083-49 | |
| 科图分类: | ||
| 主题词: | 生命哲学--通俗读物 | |
| 电子资源: | ||
| ISBN: | 978-7-5442-6323-8 | |
| 000 | 01095nam0 2200265 450 | |
| 001 | 012001005718 | |
| 005 | 20080820000820.0 | |
| 010 | @a978-7-5442-6323-8@b精装@dCNY45.00 | |
| 100 | @a20180315d2017 em y0chiy50 ea | |
| 101 | 1 | @achi@ceng |
| 102 | @aCN@b460000 | |
| 105 | @ay z 000yy | |
| 106 | @ar | |
| 200 | 1 | @a人生谢幕前,请全力以赴@9ren sheng xie mu qian , qing quan li yi fu@dThe thing about life is that one day you'll be dead@f(美)戴维·席尔(David Shields)著@g陈映均译@zeng |
| 210 | @a海口@c南海出版公司@d2017 | |
| 215 | @a236页@d21cm | |
| 305 | @a台湾远足文化事业股份有限公司(大家出版)授权 | |
| 330 | @a本书以精巧的叙事和客观事实,串连人类从出生、成长、衰老到死亡这四段过程中的生理任务和心灵挑战,其间夹杂着家族故事、文人哲思、科学数据,以及和人体相关的一切耐人寻味的真相。 | |
| 510 | 1 | @aThing about life is that one day you'll be dead@zeng |
| 606 | 0 | @a生命哲学@j通俗读物 |
| 690 | @aB083-49@v5 | |
| 701 | 0 | @c(美)@a席尔@9xi er@c(Shields, David)@4著 |
| 702 | 0 | @a陈映均@9chen ying jun@4译 |
| 801 | 0 | @aCN@b上海新华@c20181010 |
| 905 | @b1167636-40@dB083-49@e106@f5 | |
| 人生谢幕前,请全力以赴=The thing about life is that one day you'll be dead/(美)戴维·席尔(David Shields)著/陈映均译.-海口:南海出版公司,2017 |
| 236页;21cm |
| ISBN 978-7-5442-6323-8(精装):CNY45.00 |
| 本书以精巧的叙事和客观事实,串连人类从出生、成长、衰老到死亡这四段过程中的生理任务和心灵挑战,其间夹杂着家族故事、文人哲思、科学数据,以及和人体相关的一切耐人寻味的真相。 |
| ● |
| 相关链接 |
|
|
|
|
正题名:人生谢幕前,请全力以赴
索取号:B083-49/106
 
预约/预借
| 序号 | 登录号 | 条形码 | 馆藏地/架位号 | 状态 | 备注 |
| 1 | 1167636 | 211676364 | 第一样本阅览室/ [索取号:B083-49/106] | 在馆 | |
| 2 | 1167637 | 211676373 | 第一借阅区/ [索取号:B083-49/106] | 在馆 | |
| 3 | 1167638 | 211676382 | 第一借阅区/ [索取号:B083-49/106] | 在馆 | |
| 4 | 1167639 | 211676391 | 第一借阅区/ [索取号:B083-49/106] | 在馆 | |
| 5 | 1167640 | 211676408 | 第一借阅区/ [索取号:B083-49/106] | 在馆 |